The iceman cometh
Na minha lista:
| Autor principal: | |
|---|---|
| Formato: | Livro |
| Idioma: | Undetermined |
| Publicado em: |
New York, Estados Unidos
Vintage Books
1957
|
| Assuntos: | |
| Tags: |
Adicionar Tag
Sem tags, seja o primeiro a adicionar uma tag!
|
MARC
| LEADER | 00000nam a2200000Ia 4500 | ||
|---|---|---|---|
| 008 | 170316s9999 xx 000 0 und d | ||
| 040 | |a cru BVZT | ||
| 090 | |a 810 O-7i | ||
| 100 | |a O'Neill, Eugene | ||
| 245 | 4 | |a The iceman cometh | |
| 260 | |a New York, Estados Unidos | ||
| 260 | |b Vintage Books | ||
| 260 | |c 1957 | ||
| 300 | |a 260 páginas | ||
| 650 | |a LITERATURA ESTADOUNIDENSE | ||
| 999 | |c 5997 |d 5997 | ||
| 942 | |c 15 D |h 810 O-7i |2 z | ||
